| 000 | 01234 a2200253 4500 | ||
|---|---|---|---|
| 003 | Nust | ||
| 005 | 20220719192303.0 | ||
| 020 | _a 83022797 | ||
| 020 | _a0030637465 | ||
| 040 | _cNust | ||
| 082 | 0 | 0 | _a001.642,PRI |
| 100 | 1 |
_aPrice, Wilson T. _993927 |
|
| 245 | 1 | 0 |
_aProgramming the IBM personal computer : _bbusiness basic _cWilson T. Price. |
| 260 |
_aNew York : _bHolt, Rinehart, and Winston, _cc1984. |
||
| 300 |
_axvi, 318 p. : _bill. ; _c24 cm. |
||
| 440 | 0 |
_aIBM personal computer series. _993928 |
|
| 505 | _aIntroduction (Page-1), Preparing and Running a Program (Page-20), Modularizing a Program (Page-36), Using Data File (Page-56), Conditional Operations (Page-74), Variable Types (Page-103), Report Generation (Page-113), Group Totals (Page-141), Program Loops (Page-169), Subscripted Variables and Arrays (Page-197), Advanced String Operations (Page-219), Random File Processing (Page-242), Additional Topics (Page-268). | ||
| 538 | _aAlmirah No.1 and Shelf No.2 | ||
| 650 | 0 |
_aBusiness BASIC (Computer program language) _993929 |
|
| 650 | 0 |
_aBusiness _xData processing. _93217 |
|
| 650 | 0 |
_aIBM Personal Computer _xProgramming. _936814 |
|
| 740 | 0 | _aProgramming the I.B.M. personal computer. | |
| 942 |
_2ddc _cBK |
||
| 999 |
_c176200 _d176200 |
||